Normal view
MARC view
- Federation of Malaya and Singapore
Entry Corporate Name
001 - CONTROL NUMBER
- control field: 746
003 - CONTROL NUMBER IDENTIFIER
- control field: OSt
005 - DATE AND TIME OF LATEST TRANSACTION
- control field: 20190806150150.0
008 - FIXED-LENGTH DATA ELEMENTS
- fixed length control field: 190806|| aca||aabn | a|a d
040 ## - CATALOGING SOURCE
- Original cataloging agency: OSt
- Transcribing agency: OSt
110 ## - HEADING--CORPORATE NAME
- Corporate name or jurisdiction name as entry element: Federation of Malaya and Singapore